Jurisprudence (2nd edition) (Record no. 48527)

MARC details
000 -LEADER
fixed length control field 00648nam a2200181 a 4500
008 - FIXED-LENGTH DATA ELEMENTS--GENERAL INFORMATION
fixed length control field 190516s2017 ||||||||||||||||| || u
020 ## - INTERNATIONAL STANDARD BOOK NUMBER
International Standard Book Number 9781292086934
050 ## - LIBRARY OF CONGRESS CALL NUMBER
Classification number K 24 Sha
100 ## - MAIN ENTRY--PERSONAL NAME
Personal name Shaw, Julia J.A
245 10 - TITLE STATEMENT
Title Jurisprudence (2nd edition)
Statement of responsibility, etc. By Julia J. A Shaw
250 ## - EDITION STATEMENT
Edition statement 2nd edition
260 ## - PUBLICATION, DISTRIBUTION, ETC.
Place of publication, distribution, etc. Harlow
Name of publisher, distributor, etc. Pearson
Date of publication, distribution, etc. 2017
350 ## - PRICE (NR) (BK AM CF MU VM SE) [OBSOLETE]
Price 52.08
490 ## - SERIES STATEMENT
Series statement Law Express
650 ## - SUBJECT ADDED ENTRY--TOPICAL TERM
Topical term or geographic name entry element LAW--PHILOSOPHY--OUTLINES, SYLLABI ETC
650 ## - SUBJECT ADDED ENTRY--TOPICAL TERM
Topical term or geographic name entry element JURISPRUDENCE--OUTLINES, SYLLABI ETC
995 ## - RECOMMENDATION 995 [LOCAL, UNIMARC FRANCE]
-- CBU-MAIN LIBRARY (Kitwe)
-- 52.08
-- 1
-- AVAILABLE
-- May 24, 2019
-- Main Library Open Access Collection
Holdings
Withdrawn status Lost status Source of classification or shelving scheme Damaged status Not for loan Home library Current library Shelving location Date acquired Total Checkouts Full call number Barcode Date last seen Date last checked out Price effective from Koha item type
          CBU-MAIN LIBRARY, KITWE. CBU-MAIN LIBRARY, KITWE.   11/30/2022 2 K 24 Sha 749049 04/07/2026 03/20/2026 11/30/2022 MONOGRAPH